00291 a2200109 4500001000700000020000600007040001100013100001900024240006700043245006200110362000900172168643 a  cMagnum aCastel, Robert10aAs metamorfoses da questao social: uma cronica do salariolpor10aAs metamorfoses da questao social: uma cronica do salario0 a1899